00360cam a2200157ua 45000010005000000080039000050400009000440410008000530820009000611000023000702450038000932500009001312600032001403000010001726530020001828645150210n ii |||gr||||Z||||||eng cMAIN aeng a823N aShaw, B.,eAuthor.1 aMan and supermancBy Bernard Shaw a1st. aNew Delhi:bOrientq,c1963. a311p. aEnglish fiction